Statistiques concernant Personnalités de droite

Cliquez ici pour prendre le quiz!

Statistiques générales

  • Ce quiz a été pris 103 fois
  • Le résultat moyen est 7 sur 16

Statistiques - réponses

Réponse% Correct
Neymar
87%
Michel Sardou
81%
Brigitte Bardot
76%
Pascal Praud
74%
Ronald Reagan
63%
Silvio Berlusconi
56%
Lorànt Deutsch
46%
Thaïs d'Escufon
42%
Christine Boutin
41%
Bob Lennon
36%
Steevy Boulay
34%
Véronique Genest
34%
Françoise Hardy
26%
Charles Maurras
16%
Éric Rohmer
4%
Mario Vargas Llosa
4%

Distribution des résultats

Percentile par nombre de réponses

% des personnes avec chaque résultat

Votre développement - résultats

Vous n’avez pas pris ce quiz